Регионална библиотека "Любен Каравелов" - Русе

Стратегическо планиране (Запис номер 9812)

MARC детайли
000 -Лидер
Контролно поле с фиксирана дължина 01856nam a2200337 c 4500
003 - Код на организацията, давaща контролен номер
Контролно поле BLK
005 - Дата и час на последна редакция
Контролно поле 20230127141308.0
008 - Елементи от данни с фиксирана дължина
fixed length control field 180412b bul|||||r ||||||| ||bul||
010 ## - Наследен системен номер
LC control number KNG00011249000
040 ## - Източник на каталожния запис
Идентификатор на билиотеката - собственик на записа BLK
041 ## - Код за език
Код за езика на текст/звукозапис или на отделно заглавие Български
Код за езика КДБФ Български
080 ## - УДК
Текстов определител УДК Форми на предприятията в зависимост от отношението към собствеността...
УДК код - определител по УДК 334.72
УДК определител .008(075.8)
УДК - код + определител 334.72.008(075.8)
080 ## - УДК
Текстов определител УДК Управление на предприятията. Организация на производството, търговията, транспорта и съобщенията. Полиграфическа промишленост и издателско дело
УДК код - определител по УДК 005
УДК определител .012(075.8)
УДК - код + определител 005.012(075.8)
100 1# - Редна дума - Автор
Автор Панайотов, Димитър Петров
Авторска отговорност първи автор
R(LIN) 247490
139 ## - Редно поле
Редна дума Панайотов, Димитър Петров
Авторски знак Пан - П 17
245 10 - Сведения за заглавието
Заглавие Стратегическо планиране
Подзаглавни данни Учебник за студентите от Стоп. акад. Д. А. Ценов - Свищов
Редно поле (дума) Димитър Петров Панайотов.
257 ## - Страна на издаване
Страна на създаване/издаване България
260 ## - Област на издателските данни
-- Свищов
Име на издателя, разпространителя и проч. Акад. изд. Д. А. Ценов
Година на издаване 1995
300 ## - Физическа характеристика
Страници 215 с.
Илюстрации и др. със сх., табл., диагр.
Размери/Мащаб 23 см
380 ## - Жанр
Жанр Обществени науки
500 ## - Общи забележки
Забележка Изд. на Стоп. акад. Д. А. Ценов - Свищов. - Библиогр. след отд. разд. - Доп. тир. 1997 г.
650 #4 - Допълнително описание по предмет – тема
Основно описание – тема или топоним Фирми - планиране и управление - учебници за ВУЗ
9 (RLIN) 254851
650 #4 - Допълнително описание по предмет – тема
Основно описание – тема или топоним Управление - фирми - учебници за ВУЗ
9 (RLIN) 243008
653 ## - Ключова дума – ненормативна
Ключова дума планиране
653 ## - Ключова дума – ненормативна
Ключова дума фирми
852 ## - Местоположение
Форматна сигнатура Цб 185925
856 4# - Електронен адрес и достъп
Електронен формат pdf - файл
Път до файла /url/
856 4# - Електронен адрес и достъп
Електронен формат pdf - файл
Път до файла /url/
942 ## - АРТИКУЛИ
Вид на библиотечния материал Книги
Скрит в OPAC Не
Koha issues (borrowed), all copies 1
944 ## - СЪЗДАВАНЕ И РЕДАКЦИЯ на ЗАПИСА
Създаване/Редакция Създаване
Дата на регистрацията/редакция 15.01.2003
Служител, извършил регистрацията/редакцията Кети_Илиева
944 ## - СЪЗДАВАНЕ И РЕДАКЦИЯ на ЗАПИСА
Създаване/Редакция Редакция
Дата на регистрацията/редакция 16.11.2012
Служител, извършил регистрацията/редакцията
999 ## - СИСТЕМНИ КОНТРОЛНИ НОМЕРА
Koha biblionumber 9812
Koha biblioitemnumber 9812
Наличности
Код за отписване Код за изгубен артикул Източник на класификационната схема Код за повреда Коз за рестрикции Код за отдаване Артикулен № Име на библиотеката - собственик Име на библиотеката, в която се намира в момента Статус (Текущо местоположение) Дата на вписване в системата Местоположение - отдел Цена в лева Инвентарен номер Систематично азбучна сигнатура Баркод Номер на екземпляра Цена в евро Служебна бележка Служебен тип на артикула
  Не е изгубен Universal Decimal Classification Не е повреден без рестрикции ползва се в читалня 17021 Регионална библиотека "Любен Каравелов" Русе Регионална библиотека "Любен Каравелов" Русе Хранилище 2001-01-01 Хранилище 1.23 620627 Цб 185925 120000620627 1 0.63 Дост: Dp Вид: Д N: стар фонд Дата: 01.01.2001 Книги
  Не е изгубен Universal Decimal Classification Не е повреден без рестрикции ползва се в читалня 17022 Регионална библиотека "Любен Каравелов" Русе Регионална библиотека "Любен Каравелов" Русе Читалня 2001-01-01 Читалня 1.50 631214 Ч 334/П 17 120000631214 2 0.77 Дост: Pk Вид: Ф N: стар фонд Дата: 01.01.2001 Дата инв: 22.03.2017 Бележки инв: Ч2017 Книги
  Не е изгубен   Не е повреден без рестрикции заемане за дома 17023 Регионална библиотека "Любен Каравелов" Русе Регионална библиотека "Любен Каравелов" Русе Заемна - подръчен фонд 2003-11-19 Заемна - подръчен фонд 2.00 120000680223 П 334.7/П 17 120000680223 3 1.02 Дост: DA Вид: А N: 29 Дата: 19.11.2003 Дата инв: 06.02.2018 Бележки инв: П2018 Книги
Vip Innovations Ltd, Rousse, Bulgaria 2025